Las miserias del proceso penal

Saved in:
Bibliografiske detaljer
Main Authors: Carnelutti, Francesco (Author), Sentis Melendo, Santiago (Author)
Format: Bog
Sprog:spansk
Udgivet: Buenos Aires Jurídicas Europa-América 1959
Serier:Breviarios de Derecho
Fag:
Tags: Tilføj Tag
Ingen Tags, Vær først til at tagge denne postø!

MARC

LEADER 00000nam a2200000 a 4500
001 UCX7451
003 CL-VaPUC
008 931210e19590000AG |||||||||||||||||spa|d
082 0 4 |a 345.05  |b CAR  |2 21 
100 0 |a Carnelutti, Francesco  |e author  |9 324299 
700 0 |a Sentis Melendo, Santiago  |e author  |9 324300 
245 1 4 |a Las miserias del proceso penal 
300 |a 156 p 
942 |c BK 
945 |d 19931210 00:00:00  |a nfarias 
260 |a Buenos Aires  |b Jurídicas Europa-América  |c 1959 
650 0 |a Procedimiento penal  |9 254974 
583 |a last modification  |c 19931210 00:00:00  |k Rodrigo Vera 
490 0 |a Breviarios de Derecho 
999 |c 227265  |d 227263 
952 |0 0  |1 0  |4 0  |6 345_050000000000000_CAR_1959  |7 0  |8 A  |9 226167  |a BIBDER  |b BIBDER  |d 2019-11-15  |i 2954923  |l 1  |o 345.05 CAR 1959  |p 2954923  |r 2023-01-25  |s 2020-04-08  |w 2019-11-15  |y BK  |k DER